25 Prophets of Islam - Statistics

General Stats
  • This quiz has been taken 676 times
    670 since last reset
  • The average score is 10 of 25
Answer Stats
Hint Prophet % Correct
25 Muhammad
89%
1 Adam
88%
24 Isa
80%
6 Ibrahim
78%
3 Nuh
68%
14 Musa
65%
11 Yusuf
59%
8 Ismail
56%
2 Idris
53%
7 Lut
49%
4 Hud
43%
9 Ishaq
39%
21 Yunus
39%
23 Yahya
32%
15 Harun
30%
12 Ayub
25%
5 Salih
25%
10 Yakub
23%
18 Sulaiman
22%
22 Zakaria
22%
19 Ilyas
21%
17 Daud
14%
20 Ilyasa
7%
13 Syuib
2%
16 Zulkipli
1%
No matching quizzes found
Score Distribution
Percent of People with Each Score
Percentile by Number Answered
Your Score History
You have not taken this quiz since the last reset